000
00286nam a2200109Ia 4500
008
190216s9999||||xx |||||||||||||| ||und||
100
_a
Dhavale R G&Amp; Dhavale S R
245
0
_a
Advanced Chemical Calculations
260
_b
Himalaya Publishing House
_c
1979
300
_a
552p
942
_c
BK
999
_c
2277
_d
2277